Personnages de Jojo ayant fait partie du groupe des héros (Parties1-6) - Statistiques

Statistiques générales
  • Ce quiz a été pris 63 fois
  • Le résultat moyen est 27 sur 31
Statistiques - réponses
Partie Personnages principaux % Correct
Partie 2: Battle Tendency Joseph Joestar
98%
Partie 3: Stardust Crusaders Joseph Joestar
98%
Partie 3: Stardust Crusaders Jotaro Kujo
98%
Partie 4: Diamond is Unbreakable Jotaro Kujo
98%
Partie 6: Stone Ocean Jotaro Kujo
98%
Partie 6: Stone Ocean Foo Fighters
96%
Partie 3: Stardust Crusaders Jean-Pierre Polnareff
96%
Partie 1: Phantom Blood Jonathan Joestar
96%
Partie 2: Battle Tendency Caesar Zeppeli
94%
Partie 5: Golden Wind Giorno Giovanna
94%
Partie 4: Diamond is Unbreakable Josuke Higashikata
94%
Partie 3: Stardust Crusaders Mohammed Abdul
94%
Partie 3: Stardust Crusaders Noriaki Kakyoin
94%
Partie 3: Stardust Crusaders Iggy
92%
Partie 1: Phantom Blood Robert E.O. Speedwagon
92%
Partie 2: Battle Tendency Lisa Lisa
90%
Partie 4: Diamond is Unbreakable Koichi Hirose
88%
Partie 5: Golden Wind Narancia Ghirga
88%
Partie 4: Diamond is Unbreakable Okuyasu Nijimura
88%
Partie 5: Golden Wind Pannacotta Fugo
88%
Partie 1: Phantom Blood William Antonio Zeppeli
87%
Partie 5: Golden Wind Trish Una
85%
Partie 5: Golden Wind Guido Mista
83%
Partie 6: Stone Ocean Jolyne Cujoh
83%
Partie 6: Stone Ocean Weather Forecast
81%
Partie 5: Golden Wind Bruno Bucciarati
79%
Partie 6: Stone Ocean Ermes Costello
79%
Partie 6: Stone Ocean Emporio Alnino
75%
Partie 5: Golden Wind Leone Abbacchio
73%
Partie 6: Stone Ocean Narciso Anasui
62%
Partie 2: Battle Tendency Rudol von Stroheim
58%
Aucun quiz correspondant
Distribution des résultats
% des personnes avec chaque résultat
Percentile par nombre de réponses
Votre historique - résultats
Vous n’avez pas pris ce quiz